Quiz Cultura Generale - Quiz n°27 - Statistics

Statistiche generali
  • Questo quiz è stato fatto 236 volte
  • Il punteggio medio è 9 su 15
Statistiche sulle risposte
Domanda Risposta % Corretto
In quale continente si trova il Perù? America del Sud
99%
Quale festa si celebra il 19 marzo? Festa del Papà
81%
Contro chi combatté la Francia nella Guerra dei Cento anni? Inghilterra
77%
Qual è il drink aperitivo alcolico veneto a base di vino bianco, spesso prosecco, bitter amaricante e seltz? Spritz
74%
In quale località italiana si possono ammirare i cosiddetti "Sassi", patrimonio UNESCO dal 1993? Matera
72%
Qual è il participio passato del verbo "ardere"? Arso
68%
Quale condottiero unno si ritirò dall'Italia nel 452 d.C.? Attila
68%
Chi è il Patrono d'Italia? San Francesco d'Assisi
64%
Quale nazione colonizzò la maggior parte dell'Africa nord-occidentale tra la fine del XIX secolo e l'inizio del XX? Francia
61%
Chi ha vinto il Festival di Sanremo nel 2019? Mahmood
51%
Quale città è situata sulla foce del fiume Hudson? New York
40%
Come sono detti i modi verbali dell'indicativo, congiuntivo, condizionale ed imperativo? Finiti
28%
Per quale film Brad Pitt ha vinto l'Oscar come Miglior attore non protagonista nel 2020? C'era una volta a... Hollywood
27%
Qual è il nome di battesimo di Papa Francesco? Jorge
25%
Com'è anche noto l'Acido ascorbico? Vitamina C
22%
Nessun quiz corrispondente trovato
Distribuzione punteggi
Percentuale di utenti per punteggio
Percentile per numero di risposta
I tuoi punteggi nel tempo
Non hai fatto questo quiz